Геохимические критерии выявления коллекторов и прогноз характера их насыщения на примере отложений Пур-Тазовской нефтегазоносной области (Западная Сибирь): диссертация на соискание учёной степени кандидата геолого-минералогических наук; спец. 25.00.09

Dades bibliogràfiques
Autor principal: Исаева Е. Р. Елена Ринатовна
Autor corporatiu: Национальный исследовательский Томский политехнический университет (ТПУ) Институт природных ресурсов (ИПР) Кафедра геологии и разведки полезных ископаемых (ГРПИ)
Altres autors: Ворошилов В. Г. Валерий Гаврилович (научный руководитель)
Sumari:Заглавие с титульного экрана
Электронная версия печатной публикации
Idioma:rus
Publicat: Томск, 2016
Matèries:
Accés en línia:http://earchive.tpu.ru/handle/11683/37526
Format: MixedMaterials Electrònic Llibre
KOHA link:https://koha.lib.tpu.ru/cgi-bin/koha/opac-detail.pl?biblionumber=328584

MARC

LEADER 00000nlm0a2200000 4500
001 328584
005 20240118113116.0
035 |a (RuTPU)RU\TPU\book\354284 
035 |a RU\TPU\book\349385 
090 |a 328584 
100 |a 20170220d2016 k y0rusy50 ca 
101 0 |a rus 
102 |a RU 
105 |a a m 000zy 
135 |a drcn ---uucaa 
181 0 |a i  
182 0 |a b 
200 1 |a Геохимические критерии выявления коллекторов и прогноз характера их насыщения на примере отложений Пур-Тазовской нефтегазоносной области (Западная Сибирь)  |e диссертация на соискание учёной степени кандидата геолого-минералогических наук  |e спец. 25.00.09  |f Е. Р. Исаева  |g Национальный исследовательский Томский политехнический университет (ТПУ) ; науч. рук. В. Г. Ворошилов 
203 |a Текст  |c электронный 
210 |a Томск  |d 2016 
215 |a 1 файл (5818 Kb) 
300 |a Заглавие с титульного экрана 
300 |a Электронная версия печатной публикации 
452 1 |0 (RuTPU)RU\TPU\book\352722  |t Геохимические критерии выявления коллекторов и прогноз характера их насыщения на примере отложений Пур-Тазовской нефтегазоносной области (Западная Сибирь)  |o диссертация на соискание ученой степени кандидата геолого-минералогических наук  |o спец. 25.00.09  |f Е. Р. Исаева  |g Национальный исследовательский Томский политехнический университет (ТПУ) ; науч. рук. В. Г. Ворошилов  |c Томск  |n [Б. и.]  |d 2016  |p 140 л.  |a Исаева, Елена Ринатовна 
606 1 |a Нефтегазовые пласты-коллекторы  |x Исследование  |2 stltpush  |3 (RuTPU)RU\TPU\subj\71974  |9 85623 
610 1 |a электронный ресурс 
610 1 |a диссертации 
610 1 |a труды учёных ТПУ 
610 1 |a геохимические критерии 
610 1 |a коллекторы 
610 1 |a Пур-Тазовская нефтегазоносная область 
610 1 |a Западная Сибирь 
610 1 |a нефтегазоносные отложения 
610 1 |a химические элементы 
610 1 |a эпигенез 
610 1 |a литогеохимические данные 
610 1 |a коллекторские свойства 
610 1 |a породы 
675 |a 552.578.2.061.4.08(04)  |v 3 
686 |a 25.00.09  |2 oksvnk 
700 1 |a Исаева  |b Е. Р.  |c геолог  |c инженер Томского политехнического университета  |f 1989-  |g Елена Ринатовна  |3 (RuTPU)RU\TPU\pers\31185 
702 1 |a Ворошилов  |b В. Г.  |c геолог  |c профессор Томского политехнического университета, доктор геолого-минералогических наук  |f 1952-  |g Валерий Гаврилович  |3 (RuTPU)RU\TPU\pers\26072  |4 727  |9 11910 
712 0 2 |a Национальный исследовательский Томский политехнический университет (ТПУ)  |b Институт природных ресурсов (ИПР)  |b Кафедра геологии и разведки полезных ископаемых (ГРПИ)  |3 (RuTPU)RU\TPU\col\18660 
801 2 |a RU  |b 63413507  |c 20170316  |g RCR 
856 4 |u http://earchive.tpu.ru/handle/11683/37526 
942 |c CF